000 00626nam a2200217 4500
003 OSt
005 20240606082729.0
006 a
008 240606b |||||||| |||| 00| 0 eng d
020 _a978071315715
040 _aDWCL-Main lib.
_cOC
082 _2tenth edition
_aCirc. 331 M129c 2013
100 _aMcConnell, Campbell R
245 _aContemporary labor economics /
260 _aNew York :
_bMcGraw-Hill,
_cc2013.
300 _axvi,
_b620 p. : col. ill. ;
_c23 cm.
504 _aIncludes appendix, glossary.
650 _a1. Labor economics.
700 _aCampbell R McConnell
942 _2ddc
_n0
_cBK-CIRC
_kCirc.
999 _c317
_d317